ARRUPE JESUIT UNIVERSITY

CORONAVIRUS -STOP THE SPREAD - CLEAN,DISINFECT,COVER

The Lord as their portion : (Record no. 119363)

MARC details
000 -LEADER
fixed length control field 01345cam a2200289 a 4500
001 - CONTROL NUMBER
control field 16542409
003 - CONTROL NUMBER IDENTIFIER
control field ARRUPE
005 - DATE AND TIME OF LATEST TRANSACTION
control field 20140613020006.0
008 - FIXED-LENGTH DATA ELEMENTS--GENERAL INFORMATION
fixed length control field 101118s2011 miu 001 0 eng
010 ## - LIBRARY OF CONGRESS CONTROL NUMBER
LC control number 2010045309
020 ## - INTERNATIONAL STANDARD BOOK NUMBER
International Standard Book Number 9780802865885 (pbk. : alk. paper)
020 ## - INTERNATIONAL STANDARD BOOK NUMBER
International Standard Book Number 0802865887 (pbk. : alk. paper)
035 ## - SYSTEM CONTROL NUMBER
System control number (OCoLC)ocn676727602
040 ## - CATALOGING SOURCE
Original cataloging agency DLC
Transcribing agency DLC
Modifying agency YDX
-- BTCTA
-- YDXCP
-- BWX
-- CDX
-- MNJ
-- DLC
050 00 - LIBRARY OF CONGRESS CALL NUMBER
Classification number BX2461.3
Item number .R37 2011
082 00 - DEWEY DECIMAL CLASSIFICATION NUMBER
Classification number 271.009
Edition number 22
300 ## - PHYSICAL DESCRIPTION
Dimensions 23 cm.
100 1# - MAIN ENTRY--PERSONAL NAME
Personal name Rapley, Elizabeth.
9 (RLIN) 5995
245 14 - TITLE STATEMENT
Title The Lord as their portion :
Remainder of title the story of the religious orders and how they shaped our world /
Statement of responsibility, etc Elizabeth Rapley.
260 ## - PUBLICATION, DISTRIBUTION, ETC. (IMPRINT)
Place of publication, distribution, etc Grand Rapids, Mich. :
Name of publisher, distributor, etc William B. Eerdmans Pub.,
Date of publication, distribution, etc 2011.
300 ## - PHYSICAL DESCRIPTION
Extent xii, 337 p. ;
500 ## - GENERAL NOTE
General note Includes index.
505 0# - FORMATTED CONTENTS NOTE
Formatted contents note The beginnings of Christian monasticism -- 1200-1500 : the Middle Ages -- The sixteenth century : the age of reformation -- The seventeenth century : the age of confessionalism -- The eighteenth century : "a time to break down" -- The nineteenth century : "a time to build up".
650 #0 - SUBJECT ADDED ENTRY--TOPICAL TERM
Topical term or geographic name as entry element Monasticism and religious orders
General subdivision History.
9 (RLIN) 5996
906 ## - LOCAL DATA ELEMENT F, LDF (RLIN)
a 7
b cbc
c orignew
d 1
e ecip
f 20
g y-gencatlg
942 ## - ADDED ENTRY ELEMENTS (KOHA)
Source of classification or shelving scheme Library of Congress Classification
Koha item type Monograph ( Printed materials)
Koha issues (borrowed), all copies 1
Holdings
Withdrawn status Lost status Source of classification or shelving scheme Damaged status Not for loan Home library Current library Date acquired Total Checkouts Full call number Barcode Date last seen Date checked out Price effective from Koha item type
    Library of Congress Classification     ARRUPE LIBRARY ARRUPE LIBRARY 19/12/2013 1 BX2461.3 .R37 2011 464123212 22/11/2017 12/06/2014 19/12/2013 Monograph ( Printed materials)

 

Arrupe Library. PO Box MP320 Mt Pleasant, Harare, Zimbabwe
263 242 745411|librarian@aju.ac.zw